[Event "MCR mladeze 2019 - H10"]
[Site "Kouty nad Desnou"]
[Date "2019.03.09"]
[Round "1"]
[White "Novotny, Petr"]
[Black "Garabik, Marek"]
[Result "0-1"]
[WhiteElo "1026"]
[BlackElo "1355"]
[PlyCount "82"]
[EventDate "2019.??.??"]

1. e4 e6 2. d4 d5 3. e5 c5 4. Nf3 Nc6 5. Be3 Qb6 6. b3 Bd7 7. Be2 Nge7 8. dxc5
Qc7 9. O-O Nxe5 10. Nxe5 Qxe5 11. Qd4 Qxd4 12. Bxd4 Nc6 13. Be3 d4 14. Bf4 e5
15. Bg3 Bxc5 16. Nd2 Be6 17. Bf3 O-O 18. Bxc6 bxc6 19. Bxe5 h5 20. Nf3 Rad8 21.
Rad1 Bg4 22. Bxd4 Bxf3 23. gxf3 Rxd4 24. Rxd4 Bxd4 25. Rd1 Rd8 26. Kf1 Kf8 27.
c3 Bf6 28. Rxd8+ Bxd8 29. Ke2 Bc7 30. h3 Ke7 31. Ke3 Ke6 32. Ke4 Bb6 33. c4
Bxf2 34. b4 Be1 35. a3 f5+ 36. Kf4 Bd2+ 37. Kg3 Bc1 38. a4 g5 39. b5 cxb5 40.
axb5 Kd6 41. h4 g4 0-1

[Event "MCR mladeze 2019 - H12"]
[Site "Kouty nad Desnou"]
[Date "2019.03.09"]
[Round "1"]
[White "Prazak, Daniel"]
[Black "Paseka, Matyas"]
[Result "0-1"]
[WhiteElo "1547"]
[BlackElo "1929"]
[PlyCount "48"]
[EventDate "2019.??.??"]

1. d4 d5 2. c4 e6 3. Nc3 c5 4. cxd5 exd5 5. Nf3 Nc6 6. g3 Nf6 7. Bg2 Be6 8. O-O
Be7 9. Bg5 O-O 10. dxc5 Bxc5 11. Rc1 Be7 12. Nd4 h6 13. Be3 Ng4 14. Nxe6 fxe6
15. Bf4 Nge5 16. e4 d4 17. Bxe5 Nxe5 18. Ne2 d3 19. Nf4 Qb6 20. Bh3 Bg5 21.
Bxe6+ Kh8 22. Nd5 Nf3+ 23. Kg2 Qxe6 24. Qxf3 Qd6 0-1

[Event "MCR mladeze 2019 - H12"]
[Site "Kouty nad Desnou"]
[Date "2019.03.09"]
[Round "1"]
[White "Brozka, Karel"]
[Black "Simunek, Jakub Simon"]
[Result "1-0"]
[WhiteElo "1863"]
[BlackElo "1529"]
[PlyCount "67"]
[EventDate "2019.??.??"]

1. d4 d5 2. Nf3 e6 3. c4 Nf6 4. Nc3 Be7 5. Bg5 c6 6. e3 Nbd7 7. Bd3 dxc4 8.
Bxc4 O-O 9. O-O c5 10. Rc1 Nb6 11. Bb3 c4 12. Bc2 Nbd5 13. Bb1 Nxc3 14. bxc3 g6
15. Qa4 Qd5 16. e4 b5 17. exd5 bxa4 18. d6 Bd8 19. Bc2 Bd7 20. Ne5 Bb5 21. Rb1
a6 22. Bxf6 Bxf6 23. Rb4 a3 24. Ba4 Bxa4 25. Rxa4 Bxe5 26. dxe5 Rab8 27. Rxa6
Rb2 28. Rxa3 Rc2 29. h3 Rb8 30. Rd1 Kf8 31. Rd4 Rc8 32. Ra7 Rxc3 33. Rc7 Rc2
34. Ra7 1-0

[Event "MCR mladeze 2019 - H12"]
[Site "Kouty nad Desnou"]
[Date "2019.03.09"]
[Round "1"]
[White "Pressler, Tobias"]
[Black "Nemec, Jachym"]
[Result "0-1"]
[WhiteElo "1509"]
[BlackElo "1820"]
[PlyCount "126"]
[EventDate "2019.??.??"]

1. e4 c5 2. Nf3 Nc6 3. d4 cxd4 4. Nxd4 g6 5. Bc4 Bg7 6. Nxc6 bxc6 7. Qf3 e6 8.
c3 d5 9. exd5 cxd5 10. Bb3 Ba6 11. Ba4+ Kf8 12. Be3 Nf6 13. Nd2 Qa5 14. Bb3 Nd7
15. Bf4 Kg8 16. Nc4 Bxc4 17. Bxc4 Rc8 18. Bb3 Nc5 19. O-O Qb6 20. Be3 Qb5 21.
Rfd1 h6 22. Bxc5 Qxc5 23. Rac1 Rc7 24. h4 h5 25. Bc2 Bh6 26. Rb1 f5 27. Re1 Kf7
28. Qe2 Re7 29. Rbd1 Rd8 30. Bb3 Bg7 31. g3 a5 32. Kh2 Qc6 33. Qc2 Rc8 34. Qe2
Bf6 35. Qc2 d4 36. c4 Qc5 37. f4 Rd8 38. Qe2 d3 39. Qd2 Rb7 40. Rb1 Rb4 41. Re3
a4 42. Bd1 Rxc4 43. Rxd3 Rxd3 44. Qxd3 Qf2+ 45. Kh3 Re4 46. Qf3 Qd2 47. Qg2
Qxg2+ 48. Kxg2 Rd4 49. Kf2 e5 50. fxe5 Bxe5 51. a3 f4 52. g4 hxg4 53. Bxg4 Bf6
54. h5 g5 55. b3 Rd2+ 56. Kf1 Rh2 57. Kg1 Rh4 58. Be2 g4 59. bxa4 f3 60. Rb7+
Ke6 61. Rb6+ Ke5 62. Rb5+ Ke4 63. Bd1 Bd4+ 0-1

[Event "MCR mladeze 2019 - H12"]
[Site "Kouty nad Desnou"]
[Date "2019.03.09"]
[Round "1"]
[White "Werner, Hong Quan Dan"]
[Black "Vilimek, Vit"]
[Result "1-0"]
[WhiteElo "1723"]
[BlackElo "1469"]
[PlyCount "73"]
[EventDate "2019.??.??"]

1. e4 c5 2. Nf3 Nc6 3. d4 cxd4 4. Nxd4 Nf6 5. Nc3 e5 6. Ndb5 d6 7. Bg5 a6 8.
Na3 b5 9. Nd5 Be7 10. Bxf6 Bxf6 11. c3 Bg5 12. Nc2 O-O 13. a4 bxa4 14. Rxa4 g6
15. Bc4 Kh8 16. O-O f5 17. f3 f4 18. Ncb4 Nxb4 19. Nxb4 Bh4 20. Kh1 Bg3 21. Qe2
Qh4 22. h3 a5 23. Nd5 h5 24. Nb6 g5 25. Nxc8 Raxc8 26. Be6 Rce8 27. Bf5 Re7 28.
Rd1 g4 29. Rxd6 Rxf5 30. exf5 gxh3 31. gxh3 Qxh3+ 32. Kg1 Qxf5 33. Qd3 Qxd3 34.
Rxd3 Rb7 35. Rxa5 Rxb2 36. Rd1 Rc2 37. Rd7 1-0

[Event "MCR mladeze 2019 - H12"]
[Site "Kouty nad Desnou"]
[Date "2019.03.09"]
[Round "1"]
[White "Tajovsky, Simon"]
[Black "Hladky, Tadeas"]
[Result "0-1"]
[WhiteElo "1453"]
[BlackElo "1700"]
[PlyCount "58"]
[EventDate "2019.??.??"]

1. d4 Nf6 2. c4 g6 3. Nc3 d5 4. cxd5 Nxd5 5. e4 Nxc3 6. bxc3 Bg7 7. Be3 c5 8.
Qd2 O-O 9. Nf3 Nc6 10. Rd1 Qa5 11. Be2 Rd8 12. h3 Be6 13. O-O cxd4 14. cxd4
Bxa2 15. Qxa5 Nxa5 16. Ra1 Bc4 17. Rfe1 Bxe2 18. Rxe2 Nc6 19. Rd1 a6 20. d5 Ne5
21. Nxe5 Bxe5 22. f4 Bc7 23. e5 b5 24. Bc5 Rd7 25. Rb2 Rb8 26. Rbd2 Bb6 27. Rc2
Rc8 28. Rdc1 Rdc7 29. d6 Rxc5 0-1

[Event "MCR mladeze 2019 - H12"]
[Site "Kouty nad Desnou"]
[Date "2019.03.09"]
[Round "1"]
[White "Dolensky, Filip"]
[Black "Lang, Simon"]
[Result "0-1"]
[WhiteElo "1698"]
[BlackElo "1448"]
[PlyCount "90"]
[EventDate "2019.??.??"]

1. f4 d5 2. b3 c5 3. Bb2 Nc6 4. Nf3 Bf5 5. e3 Nf6 6. Bb5 e6 7. Ne5 Qc7 8. d3
Be7 9. Nd2 h6 10. Ndf3 Qa5+ 11. Qd2 Qxb5 12. Rg1 Nxe5 13. Nxe5 Rd8 14. g4 Bh7
15. Qf2 c4 16. g5 Nd7 17. dxc4 dxc4 18. Nxc4 Nc5 19. Qe2 Ne4 20. Bxg7 Rg8 21.
gxh6 Qb4+ 22. c3 Nxc3 23. Bxc3 Bh4+ 24. Kf1 Rxg1+ 25. Kxg1 Qxc3 26. Rd1 Rxd1+
27. Qxd1 Qe1+ 28. Qxe1 Bxe1 29. Nd6+ Kf8 30. Nxb7 Bb4 31. Nd8 Be4 32. h7 Bc3
33. Kf2 Ke7 34. Nxe6 fxe6 35. Kg3 Bxh7 36. Kf3 Bb1 37. a3 Bc2 38. b4 Bb2 39. e4
Bxa3 40. b5 Ba4 41. h4 Kf6 42. f5 exf5 43. exf5 Kxf5 44. Ke3 Bxb5 45. Kd4 Bb4
0-1

[Event "MCR mladeze 2019 - H12"]
[Site "Kouty nad Desnou"]
[Date "2019.03.09"]
[Round "1"]
[White "Day, Tobias"]
[Black "Smolik, Jachym"]
[Result "1-0"]
[WhiteElo "1440"]
[BlackElo "1698"]
[PlyCount "79"]
[EventDate "2019.??.??"]

1. e4 c5 2. Nf3 Nc6 3. d4 cxd4 4. Nxd4 g6 5. Nc3 Bg7 6. Be3 Nf6 7. Nxc6 bxc6 8.
e5 Ng8 9. f4 Nh6 10. Bd3 d5 11. Bd4 O-O 12. O-O Bf5 13. Ne2 Bxd3 14. Qxd3 Nf5
15. Bf2 Qc7 16. g4 Nh6 17. h3 f5 18. g5 Nf7 19. Qf3 Rab8 20. Rab1 Nd8 21. h4
Rf7 22. Kg2 e6 23. Rh1 Bf8 24. Rh2 h5 25. gxh6 Bxh6 26. b3 Rg7 27. Kh1 Kh7 28.
Rg1 Qf7 29. Rhg2 Rb5 30. h5 gxh5 31. Rxg7+ Bxg7 32. Rg5 Bh6 33. Rxh5 a5 34. Qh3
Qg6 35. Rg5 Qe8 36. Ng3 Qf8 37. Nh5 Rb7 38. Nf6+ Kh8 39. Bc5 Rh7 40. Bxf8 1-0

[Event "MCR mladeze 2019 - H12"]
[Site "Kouty nad Desnou"]
[Date "2019.03.09"]
[Round "1"]
[White "Janous, Marek"]
[Black "Kanak, Matyas"]
[Result "1-0"]
[WhiteElo "1663"]
[BlackElo "1425"]
[PlyCount "101"]
[EventDate "2019.??.??"]

1. e4 c5 2. Nf3 e6 3. d4 cxd4 4. Nxd4 a6 5. Bd3 Nc6 6. Be3 Nf6 7. Nd2 Be7 8.
O-O O-O 9. Nc4 b5 10. Nxc6 dxc6 11. Bb6 Qd7 12. Ne5 Qb7 13. Be3 c5 14. c4 Rd8
15. Qc2 Qc7 16. Nf3 h6 17. cxb5 axb5 18. Bxb5 Bb7 19. Bd3 Rxd3 20. Qxd3 Ba6 21.
Qa3 Ra7 22. Rfc1 Be2 23. Qc3 Nxe4 24. Qe5 Qb7 25. Nd2 Bd3 26. Nxe4 Bxe4 27. f3
Bg6 28. Bxc5 Bf6 29. Qd6 Bxb2 30. Rc4 Bxa1 31. Rb4 Qd7 32. Qb8+ Kh7 33. Bxa7
Qd1+ 34. Kf2 Qd2+ 35. Kg3 Qe1+ 36. Kh3 Bf5+ 37. g4 Be5 38. Qb5 Bxh2 39. Kxh2
Qd2+ 40. Kg3 Bd3 41. Rb2 Qc3 42. Qb3 Qc7+ 43. f4 Bg6 44. Bd4 Qc1 45. Qc3 Qf1
46. Bxg7 Be4 47. Qe3 Kxg7 48. Qxe4 Qa1 49. Qe5+ Kh7 50. Qe4+ Kg7 51. Qb1 1-0

[Event "MCR mladeze 2019 - H12"]
[Site "Kouty nad Desnou"]
[Date "2019.03.09"]
[Round "1"]
[White "Matusik, Ondrej"]
[Black "Buchta, Bartolomej"]
[Result "1/2-1/2"]
[WhiteElo "1417"]
[BlackElo "1648"]
[PlyCount "59"]
[EventDate "2019.??.??"]

1. e4 c5 2. Nf3 d6 3. d4 cxd4 4. Nxd4 Nf6 5. Nc3 a6 6. Be2 Qc7 7. O-O b5 8. Nd5
Nxd5 9. exd5 g6 10. Re1 Bg7 11. Bf3 O-O 12. Bg5 Re8 13. c3 Ra7 14. Qd2 e5 15.
dxe6 fxe6 16. Be3 d5 17. Nxe6 Bxe6 18. Bxa7 Qxa7 19. Bxd5 Qd7 20. Bxe6+ Rxe6
21. Qxd7 Rxe1+ 22. Rxe1 Nxd7 23. Re6 Nc5 24. Rc6 Na4 25. b3 Nxc3 26. Rxa6 b4
27. Kf1 Bh6 28. Ke1 Bc1 29. g3 Kg7 30. Ra7+ 1/2-1/2

[Event "MCR mladeze 2019 - H12"]
[Site "Kouty nad Desnou"]
[Date "2019.03.09"]
[Round "1"]
[White "Fizer, Marek"]
[Black "Kubin, Tomas Daniel"]
[Result "1-0"]
[WhiteElo "1628"]
[BlackElo "1415"]
[PlyCount "111"]
[EventDate "2019.??.??"]

1. e4 d5 2. exd5 Nf6 3. c4 c6 4. d4 cxd5 5. Nc3 Nc6 6. Nf3 Bg4 7. Be2 dxc4 8.
d5 Bxf3 9. Bxf3 Ne5 10. Be2 Qd7 11. Qd4 Ng6 12. Bxc4 a6 13. O-O e6 14. Bg5 Be7
15. Rad1 e5 16. Qd3 O-O 17. d6 Bd8 18. Bxf6 Bxf6 19. Ne4 Rac8 20. b4 Nf4 21.
Qb3 Qg4 22. Nxf6+ gxf6 23. Bd5 Rc3 24. Bf3 Rxb3 25. Bxg4 Rxb4 26. d7 Rd4 27.
Rxd4 exd4 28. Rc1 f5 29. Rc8 Ne6 30. Bxf5 Nd8 31. Rc5 Nc6 32. Rd5 Rd8 33. Rd6
Kg7 34. Be4 f6 35. Bxc6 bxc6 36. Rxd4 c5 37. Rd5 c4 38. Kf1 Kf7 39. Ke2 Ke6 40.
Rd4 Rxd7 41. Rxd7 Kxd7 42. Kd2 Kd6 43. Kc3 Kd5 44. f3 h6 45. g3 Kc5 46. h4 Kd5
47. h5 Kc5 48. f4 Kd5 49. g4 Ke6 50. Kxc4 f5 51. g5 hxg5 52. fxg5 f4 53. Kd3
Kf5 54. h6 Kg4 55. h7 f3 56. h8=Q 1-0

[Event "MCR mladeze 2019 - H12"]
[Site "Kouty nad Desnou"]
[Date "2019.03.09"]
[Round "1"]
[White "Vasinek, Martin"]
[Black "Mohapl, Tomas"]
[Result "1/2-1/2"]
[WhiteElo "1406"]
[BlackElo "1575"]
[PlyCount "66"]
[EventDate "2019.??.??"]

1. d4 d5 2. e3 Nf6 3. Nf3 Bf5 4. Be2 e6 5. O-O Bd6 6. b3 O-O 7. Bb2 c5 8. Nbd2
Nc6 9. c4 Rc8 10. Rc1 b6 11. Ne5 Nd7 12. Ndf3 Ndxe5 13. Nxe5 dxc4 14. Nxc4 Be7
15. dxc5 Bxc5 16. Qxd8 Rfxd8 17. Rfd1 f6 18. Ba3 Nb4 19. Bxb4 Bxb4 20. a3 Be7
21. b4 e5 22. Rxd8+ Rxd8 23. Kf1 Rc8 24. Ra1 Be6 25. Nb2 Rc2 26. Nd3 Bf5 27.
Ke1 a5 28. Bd1 Rc3 29. Be2 Bd6 30. Kd2 axb4 31. axb4 Rc6 32. b5 Rc8 33. Ra6 Rd8
1/2-1/2

[Event "MCR mladeze 2019 - H12"]
[Site "Kouty nad Desnou"]
[Date "2019.03.09"]
[Round "1"]
[White "Soucek, Jan"]
[Black "Kopecky, Matej"]
[Result "1-0"]
[WhiteElo "1573"]
[BlackElo "1321"]
[PlyCount "41"]
[EventDate "2019.??.??"]

1. e4 c6 2. Nc3 d5 3. Nf3 dxe4 4. Nxe4 Bg4 5. Bc4 e6 6. d4 Nf6 7. h3 Bh5 8.
Nxf6+ gxf6 9. Be3 Nd7 10. g4 Bg6 11. Bb3 f5 12. g5 Bh5 13. Bf4 Be7 14. h4 Nb6
15. Be5 f6 16. gxf6 Bxf6 17. Qd3 Bxf3 18. Qxf3 Bxe5 19. Qh5+ Kf8 20. dxe5 Qd4
21. Qh6+ 1-0

[Event "MCR mladeze 2019 - H14"]
[Site "Kouty nad Desnou"]
[Date "2019.03.09"]
[Round "1"]
[White "Jares, Michal"]
[Black "Gnojek, Petr"]
[Result "0-1"]
[WhiteElo "1950"]
[BlackElo "2147"]
[PlyCount "100"]
[EventDate "2019.??.??"]

1. d4 Nf6 2. Nf3 e6 3. g3 c5 4. Bg2 cxd4 5. Nxd4 d5 6. O-O e5 7. Nf3 Nc6 8. c4
d4 9. Nbd2 Be7 10. Ne1 O-O 11. Ne4 Nxe4 12. Bxe4 Be6 13. Qc2 f5 14. Bg2 Nb4 15.
Qb3 Qc7 16. a3 Bxc4 17. Qd1 Nd5 18. Qc2 e4 19. Nd3 Rac8 20. Nf4 Nxf4 21. Bxf4
Qb6 22. Qd2 Bf6 23. Rac1 d3 24. exd3 Bxd3 25. Rxc8 Rxc8 26. Rc1 Rxc1+ 27. Qxc1
Qc6 28. Qe3 Qc2 29. h4 b6 30. Bg5 Be5 31. Bh3 Qb1+ 32. Kh2 Qxb2 33. Qe1 g6 34.
h5 Qe2 35. Qxe2 Bxe2 36. h6 Kf7 37. Bg2 Ke6 38. Be3 Kd5 39. Bg5 b5 40. Be7 Bd6
41. Bxd6 Kxd6 42. Kh3 a5 43. Kh4 b4 44. axb4 axb4 45. g4 b3 46. gxf5 gxf5 47.
Kg5 b2 48. Kxf5 b1=Q 49. Bxe4 Bd3 50. f3 Bxe4+ 0-1

[Event "MCR mladeze 2019 - H14"]
[Site "Kouty nad Desnou"]
[Date "2019.03.09"]
[Round "1"]
[White "Vojta, Jakub"]
[Black "Nguyen, Thai Dai Vinh"]
[Result "1/2-1/2"]
[WhiteElo "2125"]
[BlackElo "1936"]
[PlyCount "86"]
[EventDate "2019.??.??"]

1. e4 c5 2. Nf3 d6 3. d4 cxd4 4. Nxd4 Nf6 5. f3 Nc6 6. c4 e6 7. Be3 Be7 8. Nc3
O-O 9. Be2 d5 10. Nxc6 bxc6 11. O-O dxe4 12. fxe4 e5 13. Kh1 Be6 14. Qa4 Qc7
15. Rac1 Qb7 16. Qc2 Rab8 17. b3 Nd7 18. Na4 Qc7 19. c5 Qd8 20. Rcd1 Bg5 21.
Qd2 Bxe3 22. Qxe3 Qe7 23. Rd6 Rbc8 24. Rfd1 Rc7 25. Nb2 Kh8 26. Nc4 f5 27. Na5
Nb8 28. Qc3 fxe4 29. Qxe5 Bd5 30. Nc4 Qxe5 31. Nxe5 Re7 32. Rf1 Rfe8 33. Nc4
Nd7 34. b4 Nf6 35. Ne3 h6 36. Nf5 Rb7 37. a3 e3 38. Rxf6 gxf6 39. Nd6 Rg7 40.
Nxe8 Rxg2 41. Bf3 Bxf3 42. Rxf3 e2 43. Kxg2 e1=Q 1/2-1/2

[Event "MCR mladeze 2019 - H14"]
[Site "Kouty nad Desnou"]
[Date "2019.03.09"]
[Round "1"]
[White "Kusa, Jakub"]
[Black "Stalmach, Richard"]
[Result "1-0"]
[WhiteElo "1912"]
[BlackElo "2117"]
[PlyCount "69"]
[EventDate "2019.??.??"]

1. e4 c5 2. Nf3 e6 3. d4 cxd4 4. Nxd4 Nf6 5. Nc3 Nc6 6. Ndb5 Bc5 7. Bf4 O-O 8.
Bc7 Qe7 9. Bd6 Bxd6 10. Qxd6 Qd8 11. Nc7 Rb8 12. Be2 b5 13. e5 b4 14. exf6 bxc3
15. fxg7 Kxg7 16. Qg3+ Kh8 17. Qxc3+ e5 18. Nb5 Rg8 19. O-O-O Qf6 20. Qf3 Qh6+
21. Kb1 Ba6 22. Nd6 Bxe2 23. Qxe2 Qe6 24. g3 Rgf8 25. Qc4 Qf6 26. Ne4 Qf5 27.
Nd6 Qf6 28. Ne4 Qf5 29. Nd6 Qf3 30. b3 Nd4 31. c3 Rb6 32. Nxf7+ Rxf7 33. cxd4
Rc6 34. Qd3 Qxf2 35. Rhf1 1-0

[Event "MCR mladeze 2019 - H14"]
[Site "Kouty nad Desnou"]
[Date "2019.03.09"]
[Round "1"]
[White "Frank, Adam"]
[Black "Neumann, Filip"]
[Result "1/2-1/2"]
[WhiteElo "2087"]
[BlackElo "1897"]
[PlyCount "135"]
[EventDate "2019.??.??"]

1. e4 e6 2. d4 d5 3. Nd2 c5 4. exd5 Qxd5 5. Ngf3 cxd4 6. Bc4 Qd6 7. O-O Nf6 8.
Nb3 Nc6 9. Nbxd4 Nxd4 10. Nxd4 Bd7 11. c3 Rc8 12. Qe2 Qc7 13. Bb3 Bc5 14. Bg5
Bxd4 15. cxd4 O-O 16. Bxf6 gxf6 17. Qf3 f5 18. Rad1 Rfe8 19. Qh5 Qf4 20. h3 Bb5
21. Rfe1 Bc4 22. Re3 Bxb3 23. axb3 Rc2 24. Rf3 Qe4 25. Rg3+ Kf8 26. Qxh7 Ke7
27. d5 Qe2 28. d6+ Kd8 29. Rf1 Rf8 30. Qh4+ Kc8 31. Qe7 Rd8 32. Rc3+ Rxc3 33.
bxc3 Rd7 34. Qe8+ Rd8 35. Qa4 Rxd6 36. Qxa7 Qb5 37. Qa3 Kc7 38. c4 Qe5 39. b4
Rd4 40. c5 Qe4 41. Qa5+ Kb8 42. b5 Qd5 43. c6 Rd1 44. Rxd1 Qxd1+ 45. Kh2 Qd4
46. Qa3 bxc6 47. bxc6 Kc7 48. Qf3 Qd6+ 49. g3 Qxc6 50. Qh5 Qd7 51. h4 Kd8 52.
Qh8+ Ke7 53. Qb2 Qd1 54. Qb4+ Kf6 55. Qf4 Kg6 56. Qg5+ Kh7 57. Qf6 Kg8 58. Qe5
Qf3 59. Qe3 Qxe3 60. fxe3 Kg7 61. Kh3 Kg6 62. g4 fxg4+ 63. Kxg4 f5+ 64. Kf4 Kh5
65. Ke5 Kxh4 66. Kxe6 Kg4 67. Ke5 Kf3 68. Kxf5 1/2-1/2

[Event "MCR mladeze 2019 - H14"]
[Site "Kouty nad Desnou"]
[Date "2019.03.09"]
[Round "1"]
[White "Ret, Adam Josef"]
[Black "Babula, Vlastimil"]
[Result "1/2-1/2"]
[WhiteElo "1888"]
[BlackElo "2040"]
[PlyCount "74"]
[EventDate "2019.??.??"]

1. d4 Nf6 2. c4 g6 3. Nc3 Bg7 4. e4 O-O 5. Bd3 d6 6. Nge2 e5 7. d5 Ne8 8. O-O
f5 9. exf5 gxf5 10. f4 e4 11. Bc2 c5 12. dxc6 Qb6+ 13. Kh1 bxc6 14. Bb3 Kh8 15.
Bd2 Be6 16. c5 Qxc5 17. Bxe6 d5 18. Rc1 Qd6 19. Bc8 Qe7 20. Qa4 a5 21. Be3 Nd6
22. Bxf5 Nxf5 23. Bd4 Nxd4 24. Nxd4 Qd6 25. Nce2 c5 26. Nb5 Qe7 27. Qa3 Na6 28.
Nbc3 Nb4 29. Qb3 Rfd8 30. Rcd1 d4 31. Nb1 d3 32. Ng3 Qf8 33. Nxe4 Rd4 34. Ng5
a4 35. Qe6 Ra7 36. Qh3 Qg8 37. Nxh7 Qxh7 1/2-1/2

[Event "MCR mladeze 2019 - H14"]
[Site "Kouty nad Desnou"]
[Date "2019.03.09"]
[Round "1"]
[White "Jun, Rudolf"]
[Black "Petricek, Lukas"]
[Result "1-0"]
[WhiteElo "2033"]
[BlackElo "1879"]
[PlyCount "83"]
[EventDate "2019.??.??"]

1. e4 c5 2. c4 Nc6 3. Ne2 g6 4. d4 cxd4 5. Nxd4 Bg7 6. Be3 Nf6 7. Nc3 Ng4 8.
Qxg4 Nxd4 9. Qd1 Ne6 10. Qd2 d6 11. Be2 O-O 12. O-O b6 13. Rac1 Bb7 14. f3 Rc8
15. Rfd1 Re8 16. b4 Ba6 17. Nd5 Nc7 18. a4 Nxd5 19. cxd5 Bxe2 20. Qxe2 Qd7 21.
b5 Bc3 22. Qd3 Bb4 23. Rc6 Bc5 24. Bxc5 bxc5 25. Rb1 Rb8 26. a5 Rec8 27. Qc4
Rxc6 28. dxc6 Qc7 29. Qa4 Kg7 30. h3 e6 31. Rd1 Rc8 32. Qa1+ f6 33. Qa2 Re8 34.
Rb1 Kf7 35. Qa4 Rb8 36. Rd1 Rd8 37. b6 axb6 38. Rb1 Rb8 39. Qb5 Ke7 40. axb6
Qc8 41. c7 Rb7 42. Qc6 1-0

[Event "MCR mladeze 2019 - H14"]
[Site "Kouty nad Desnou"]
[Date "2019.03.09"]
[Round "1"]
[White "Rokos, Filip"]
[Black "Dudek, Vojtech"]
[Result "1/2-1/2"]
[WhiteElo "1848"]
[BlackElo "2025"]
[PlyCount "152"]
[EventDate "2019.??.??"]

1. e4 c5 2. Nf3 Nc6 3. d4 cxd4 4. Nxd4 g6 5. Nc3 Bg7 6. Be3 Nf6 7. Bc4 Qa5 8.
O-O O-O 9. Bb3 d6 10. h3 Bd7 11. Re1 b5 12. Nxc6 Bxc6 13. Nd5 Bxd5 14. exd5 Nd7
15. Bd4 Bf6 16. c3 Rfe8 17. Qg4 Bxd4 18. Qxd4 Qb6 19. Qh4 Ne5 20. Rad1 a5 21.
Qh6 Nd7 22. Rd4 Rac8 23. Rh4 Nf8 24. a4 b4 25. cxb4 axb4 26. Qf4 Qc5 27. Qd2
Nd7 28. Rc4 Qb6 29. Rxc8 Rxc8 30. Rxe7 Ne5 31. Kh2 Qa6 32. f4 Nd3 33. Bd1 Qc4
34. g3 Qxd5 35. Re3 Nxf4 36. Qxd5 Nxd5 37. Rd3 Rc5 38. Bb3 Nb6 39. Rxd6 Nc4 40.
Rd4 Nxb2 41. Rxb4 Nd3 42. Rb7 Rf5 43. g4 Rf6 44. Bc4 Nc5 45. Rb8+ Kg7 46. a5
Rf4 47. a6 Rxc4 48. a7 Ra4 49. a8=Q Rxa8 50. Rxa8 Ne6 51. Ra5 h6 52. Kg3 Kf6
53. h4 Kg7 54. Kf3 Kf6 55. Ke4 Nf8 56. Ra1 Nd7 57. Kf4 Nf8 58. Ke4 Nd7 59. Ra6+
Kg7 60. Ra7 Nf6+ 61. Kf4 Nd5+ 62. Kf3 Nf6 63. Ra5 Nd7 64. Kf4 Kf6 65. Rd5 Ke6
66. Ra5 Kf6 67. Ra7 Nf8 68. Ke4 Ne6 69. Ra1 Nc5+ 70. Kd5 Ne6 71. Rf1+ Ke7 72.
Ke5 Nf8 73. Kd5 Ne6 74. Ke5 Nf8 75. Ke4 Nd7 76. Ra1 Nf6+ 1/2-1/2

[Event "MCR mladeze 2019 - H14"]
[Site "Kouty nad Desnou"]
[Date "2019.03.09"]
[Round "1"]
[White "Skypala, Ondrej"]
[Black "Nezval, Filip"]
[Result "0-1"]
[WhiteElo "2013"]
[BlackElo "1847"]
[PlyCount "92"]
[EventDate "2019.??.??"]

1. c4 Nf6 2. Nc3 e6 3. g3 d5 4. cxd5 exd5 5. d4 c6 6. Bg2 Bf5 7. Bg5 Be7 8. Nf3
Nbd7 9. O-O O-O 10. Nh4 Bg4 11. f3 Be6 12. Bd2 Ne8 13. e4 Bxh4 14. gxh4 Qxh4
15. Be1 Qe7 16. Bf2 Nc7 17. Rc1 Rac8 18. Re1 Qb4 19. Qc2 Nb5 20. a3 Qa5 21. f4
Nxc3 22. bxc3 dxe4 23. Bxe4 Nf6 24. Bd3 Qh5 25. Re5 Qg4+ 26. Bg3 Bd5 27. c4 Be6
28. Qf2 Rfd8 29. Kh1 Qh3 30. Bf1 Ng4 31. Bxh3 Nxf2+ 32. Bxf2 Bxh3 33. Ra5 a6
34. Rh5 Bg4 35. Rg5 f5 36. Re1 Kf7 37. h3 h6 38. Rxg4 fxg4 39. hxg4 Re8 40. Re5
Rxe5 41. dxe5 Rd8 42. a4 Rd2 43. Bb6 Ke6 44. Bc7 g6 45. c5 Rd4 46. Kg2 Rxf4 0-1

[Event "MCR mladeze 2019 - H14"]
[Site "Kouty nad Desnou"]
[Date "2019.03.09"]
[Round "1"]
[White "Flajsman, Petr"]
[Black "Hrbek, Stepan"]
[Result "1/2-1/2"]
[WhiteElo "1826"]
[BlackElo "1994"]
[PlyCount "120"]
[EventDate "2019.??.??"]

1. f4 d5 2. Nf3 Nf6 3. b3 e6 4. Bb2 Be7 5. e3 O-O 6. Nc3 c5 7. Be2 Nc6 8. O-O
d4 9. exd4 cxd4 10. Nb5 Bc5 11. Bd3 a6 12. Na3 b5 13. Ne5 Qc7 14. Qe2 Bb7 15.
Rae1 Nb4 16. f5 Nxd3 17. Nxd3 Rfe8 18. Nxc5 Qxc5 19. Qe5 Qc6 20. Qg3 e5 21. d3
Nh5 22. Qf3 Qxf3 23. gxf3 Nf4 24. Kf2 Rac8 25. Bc1 Nd5 26. Bd2 f6 27. Kg3 Kf7
28. Kg4 h5+ 29. Kh4 Ne7 30. f4 Nxf5+ 31. Kh3 e4 32. dxe4 Bxe4 33. Rc1 Ne3 34.
Bxe3 dxe3 35. c4 Bd3 36. Rfe1 bxc4 37. Nxc4 Bxc4 38. Rxc4 Rxc4 39. bxc4 Re4 40.
Kg3 Rxc4 41. Rxe3 Ra4 42. a3 Kg6 43. Rc3 Kf5 44. Rc5+ Ke4 45. Rxh5 f5 46. Rg5
Rxa3+ 47. Kf2 Kxf4 48. Rxg7 Rh3 49. Kg2 Rh6 50. Re7 Rg6+ 51. Kf2 Rb6 52. Rc7
Rh6 53. Rc4+ Kg5 54. Kg2 f4 55. Ra4 Rb6 56. Ra5+ Kg4 57. h3+ Kh4 58. Kf3 Rb3+
59. Kxf4 Kxh3 60. Rxa6 Rb4+ 1/2-1/2

[Event "MCR mladeze 2019 - H14"]
[Site "Kouty nad Desnou"]
[Date "2019.03.09"]
[Round "1"]
[White "Hlavina, Matous"]
[Black "Prochazka, Vojtech"]
[Result "0-1"]
[WhiteElo "1985"]
[BlackElo "1686"]
[PlyCount "86"]
[EventDate "2019.??.??"]

1. e4 e5 2. Nf3 Nc6 3. Bb5 Bc5 4. O-O Nd4 5. Nxd4 Bxd4 6. c3 Bb6 7. d4 c6 8.
Ba4 d6 9. d5 Ne7 10. Bg5 f6 11. Bh4 O-O 12. dxc6 bxc6 13. Bxc6 Nxc6 14. Qd5+
Rf7 15. Qxc6 Bb7 16. Qa4 d5 17. Rd1 d4 18. cxd4 Bxd4 19. Nc3 Qb6 20. Rab1 g5
21. Bg3 h5 22. h4 Rg7 23. Qc4+ Kh8 24. Nd5 Bxd5 25. Qxd5 Rd8 26. Qc4 gxh4 27.
Bxh4 Rdg8 28. Qf1 Rg4 29. Rxd4 Qxd4 30. Bxf6+ Kh7 31. Rc1 Rxg2+ 32. Kh1 Rg1+
33. Qxg1 Rxg1+ 34. Kxg1 Qxe4 35. Rc7+ Kg6 36. Bh8 Qb1+ 37. Kg2 Qxb2 38. Rxa7
Qb8 39. Ra6+ Kh7 40. Ra5 Kxh8 41. a4 Kg7 42. Rb5 Qa8+ 43. Kg3 Qxa4 0-1

[Event "MCR mladeze 2019 - H14"]
[Site "Kouty nad Desnou"]
[Date "2019.03.09"]
[Round "1"]
[White "Vylicil, Adam"]
[Black "Vantuch, Lucian"]
[Result "0-1"]
[WhiteElo "1468"]
[BlackElo "1978"]
[PlyCount "56"]
[EventDate "2019.??.??"]

1. d4 Nf6 2. Nf3 e6 3. Bf4 b6 4. e3 Bb7 5. Nbd2 Ne4 6. Bd3 Nxd2 7. Qxd2 f5 8.
Qc3 Nc6 9. a3 Be7 10. h4 O-O 11. O-O-O a5 12. h5 Bf6 13. Rh3 Ba6 14. Bxa6 Rxa6
15. Qc4 b5 16. Qxb5 Rb6 17. Qe2 Qb8 18. c3 Qb7 19. Bg5 Rb8 20. Rd2 Bxg5 21.
Nxg5 a4 22. Rc2 Na5 23. Rg3 d5 24. h6 g6 25. Kd1 Nc4 26. Qd3 Nxb2+ 27. Rxb2
Rxb2 28. Nxe6 Ra2 0-1

[Event "MCR mladeze 2019 - H14"]
[Site "Kouty nad Desnou"]
[Date "2019.03.09"]
[Round "1"]
[White "Mach, Petr"]
[Black "Sedy, Matej"]
[Result "1-0"]
[WhiteElo "1974"]
[BlackElo "1367"]
[PlyCount "57"]
[EventDate "2019.??.??"]

1. d4 d5 2. Bf4 Nf6 3. e3 e6 4. Nd2 Bd6 5. Bg3 Qe7 6. Bd3 Nbd7 7. Ngf3 O-O 8.
Ne5 Re8 9. f4 Nf8 10. c3 N6d7 11. Qh5 Ng6 12. O-O-O c5 13. h4 cxd4 14. exd4
Ndxe5 15. fxe5 Bc7 16. Rdf1 Bd7 17. Nf3 h6 18. Ng5 Rf8 19. Nxf7 Rxf7 20. Qxg6
Qe8 21. Rxf7 Qxf7 22. Qh7+ Kf8 23. Rf1 Qxf1+ 24. Bxf1 Re8 25. Bd3 Ke7 26. h5
Kd8 27. Qxg7 Kc8 28. Bg6 Rd8 29. Bh4 1-0